Mayo, la revolución inconclusa : reinterpretando la historia argentina /
Guardado en:
| Autor Principal: | |
|---|---|
| Formato: | Libro |
| Publicado: |
Buenos Aires :
Emecé,
2008
|
| Series: | Historia
|
| Materias: | |
| Etiquetas: |
Agregar Etiqueta
Sin Etiquetas, Sea el primero en etiquetar este registro!
|
| LEADER | 01042nam a22002175a 4500 | ||
|---|---|---|---|
| 001 | CEM.cems013356 | ||
| 005 | 20100511104632.0 | ||
| 008 | 130507s2008##################000#0#####d | ||
| 003 | CEMS | ||
| 020 | |a 9789500430302 | ||
| 082 | 0 | 4 | |a 982 |
| 100 | 1 | |a Poli Gonzalvo, Alejandro | |
| 245 | 1 | 0 | |a Mayo, la revolución inconclusa : |b reinterpretando la historia argentina / |c Alejandro Poli Gonzalvo |
| 260 | |a Buenos Aires : |b Emecé, |c 2008 | ||
| 300 | |a 296 p. | ||
| 490 | 0 | |a Historia | |
| 505 | 0 | |a Antecedentes de Mayo -- La singularidad geográfica argentina -- Fundación mítica de la Argentina -- La primera urdimbre de los argentinos -- Los ideales de Mayo -- Antecedentes de la revolución -- La generación de mayo -- La generación del 37 -- El ideal del progreso -- El idela democrático -- La praxis de Mayo -- Revolución y guerra -- La república no democrática -- Los idus del Centenario | |
| 653 | |a Historia | ||
| 653 | |a Historia argentina | ||
| 653 | |a Revolución de mayo | ||
| 859 | |a CEMS |b BIB. CEMS - 11 de abril |h 982 |i P758 |p 25862.10 |t Ej.1 | ||
